[Event "Match"]
[Site "www.echecsemail.com"]
[Date "2018.03.29"]
[Round "1"]
[White "Sefj"]
[Black "Ditto"]
[WhiteElo "2060"]
[BlackElo "1800"]
[Result "0-1"]
[Round "1"]
1.e4 e5
2.Ng1f3 Nb8c6
3.Bf1c4 Ng8f6
4.Nf3g5 d5
5.exd5 Nc6d4
6.c3 Nd4f5
7.Qd1a4 Bc8d7
 { time }
0-1

[Event "Tourn. n9667"]
[Site "www.chess-mail.com"]
[Date "2018.03.30"]
[Round "1"]
[White "Bevittsmith"]
[Black "Sahlapalat"]
[WhiteElo "2230"]
[BlackElo "2050"]
[Result "0-1"]
[Round "1"]
1.e4 c5
2.Ng1f3 d6
3.d4 cxd4
4.Nf3xd4 Ng8f6
5.Nb1c3 Nb8c6
6.Bc1g5 e6
7.Qd1d2 a6
8.O-O-O Bc8d7
9.f4 b5
10.Bg5xf6 gxf6
11.f5 Nc6xd4
12.Qd2xd4 Bf8h6
13.Kb1 Bh6f4
14.fxe6 fxe6
15.Nc3e2 Bf4e5
16.Qd4d2 Qd8c7
17.g3 Ke7
18.Ne2f4 a5
19.Bf1d3 b4
20.Rh1f1 a4
21.Nf4h5 Qc7c5
22.Qd2h6 Rh8f8
23.g4 a3
24.g5 axb2
25.Nh5xf6 Ra8xa2
26.Qh6xh7 Rf8f7
27.Nf6d5 Kd8
28.Qh7g8 Bd7e8
29.Kxa2 Qc5a5
30.Kb3 Qa5a3
31.Kc4 Rf7c7
{ resign }
0-1

[Event "Tourn. n9726"]
[Site "www.chess-mail.com"]
[Date "2018.03.30"]
[Round "1"]
[White "Cal"]
[Black "Hansen"]
[WhiteElo "1470"]
[BlackElo "1520"]
[Result "1-0"]
[Round "1"]
1.Ng1f3 e6
2.c4 Nb8c6
3.a3 b6
4.Nb1c3 g5
5.h3 Bc8b7
6.e3 d6
7.d4 Qd8f6
8.Bf1e2 e5
9.d5 Nc6e7
10.Nc3e4 Qf6g6
11.Be2d3 g4
12.Nf3h4 Qg6g7
13.Ne4g3 b5
14.Qd1b3 Bb7a6
15.cxb5 Ra8b8
16.a4 Ba6c8
17.Ng3h5 Qg7g5
18.hxg4 Bc8xg4
19.Nh5g3 a6
20.Bc1d2 c6
21.dxc6 Ne7xc6
22.Ng3e4 Qg5h5
23.b6 Bg4e6
24.Qb3c3 Rb8xb6
25.Ne4g3 Qh5g5
26.e4 Qg5g4
27.Bd3e2 Qg4g7
28.O-O d5
29.exd5 Be6xd5
30.Nh4f5 Qg7f6
31.Bd2e3 Bf8b4
32.Qc3c2 Rb6b7
33.Be2g4 Rb7c7
34.Be3b6 Rc7b7
35.a5 h6
36.Ng3h5 Qf6g5
37.Nf5d6 Ke7
38.Nd6c8 Kf8
39.f3 e4
40.Bb6c5 Ke8
41.Nc8d6 Kd8
42.Nd6xb7 Kc7
43.Nb7d6 Bb4d2
44.Nd6e8 Kd8
45.Nh5g7 exf3
46.Bg4xf3 Nc6d4
47.Bc5xd4 Ng8e7
48.Bd4b6 Kd7
49.Qc2c7 { resign }
1-0

[Event "Tourn. n9626"]
[Site "www.chess-mail.com"]
[Date "2018.03.30"]
[Round "1"]
[White "Sahlapalat"]
[Black "Claymil"]
[WhiteElo "1869"]
[BlackElo "2070"]
[Result "1-0"]
[Round "1"]
1.d4 d5
2.c4 e6
3.Nb1c3 c6
4.e4 dxe4
5.Nc3xe4 h6
6.Ng1f3 Ng8f6
7.Bf1d3 Bf8e7
8.O-O Nb8d7
9.Qd1e2 O-O
10.h3 Qd8c7
11.b3 b6
12.Bc1b2 Bc8b7
13.Rf1e1 a5
14.Ra1d1 Rf8d8
15.Ne4c3 Be7f8
16.Bd3b1 g6
17.a3 Bf8g7
18.Nf3h4 Nd7f8
19.Nh4f3 Rd8d7
20.Nf3e5 Rd7e7
21.Nc3e4 Nf6xe4
22.Bb1xe4 Ra8c8
23.h4 c5
24.Be4xb7 Qc7xb7
25.Qe2f3 Qb7xf3
26.Ne5xf3 Re7d7
27.Nf3e5 Rd7d8
28.d5 exd5
29.cxd5 Rd8d6
30.Ne5c4 Rd6d8
31.Bb2xg7 Kxg7
32.Nc4xb6 Rc8b8
33.Nb6c4 Rb8xb3
34.Re1e7 Nf8e6
35.Rd1e1 Ne6d4
36.d6 Nd4c6
37.Re7c7 Nc6d4
38.Re1e7 Rd8f8
39.d7 Nd4e6
40.Re7xe6 { resign }
1-0

[Event "Tourn. n9716"]
[Site "www.chess-mail.com"]
[Date "2018.03.30"]
[Round "1"]
[White "Estonia"]
[Black "Hundegana"]
[WhiteElo "2010"]
[BlackElo "2010"]
[Result "1-0"]
[Round "1"]
1.c4 e5
2.Nb1c3 c6
3.d3 Bf8c5
4.Ng1f3 Qd8e7
5.e3 Ng8f6
6.Bf1e2 O-O
7.O-O e4
8.Nf3d4 Bc5xd4
9.exd4 exd3
10.Be2xd3 Rf8e8
11.Bc1g5 h6
12.Bg5d2 Qe7d8
13.Qd1c2 d5
14.c5 b6
15.b4 b5
16.Bd2f4 Nb8d7
17.a4 a6
18.axb5 cxb5
19.Nc3xb5 Bc8b7
20.Nb5d6 Bb7c6
21.Nd6xe8 Qd8xe8
22.Ra1xa6 Ra8xa6
23.Bd3xa6 Qe8a8
24.b5 Bc6b7
25.Ba6xb7 Qa8xb7
26.c6 Qb7xb5
27.cxd7 Qb5xd7
28.Qc2c7 Qd7f5
29.Qc7e5 Qf5g6
30.Qe5b8 Kh7
31.Bf4e5 Nf6d7
32.Qb8d6 Nd7xe5
33.dxe5 Qg6e4
34.f4 d4
35.f5 d3
36.e6 fxe6
37.Qd6xe6 Qe4d4
38.Kh1 d2
39.Qe6g6 Kg8
40.Qg6h5 Qd4d3
41.Qh5d1 Kf7
42.h3 Kf6
43.Rf1f3 Qd3d4
44.Rf3f1 Qd4d3
45.Rf1f2 Qd3e3
46.Qd1xd2 Qe3g3
47.Rf2f3 Qg3e5
48.Qd2d8 Kf7
49.Qd8h4 Qe5a1
50.Kh2 Qa1e5
51.Qh4f4 Qe5c5
52.f6 g5
53.Qf4f5 Qc5d6
54.g3 Qd6d2
55.Rf3f2 Qd2d4
56.Qf5h7 Ke6
57.Rf2e2 Kd6
58.Qh7e7 Kc6
59.f7 h5
60.Qe7e4 Kc5
61.f8Q Kc4
62.Qf8c8 Kb3
63.Qe4b1 Ka3
64.Re2a2 { resign }
1-0

[Event "Tourn. n9772"]
[Site "www.chess-mail.com"]
[Date "2018.03.30"]
[Round "1"]
[White "Piekki"]
[Black "Fegatux"]
[WhiteElo "2170"]
[BlackElo "2290"]
[Result "0-1"]
[Round "1"]
1.e4 d6
2.d4 Ng8f6
3.Nb1c3 c6
4.a4 Qd8a5
5.Bf1d3 Qa5b6
6.Ng1f3 Bc8g4
7.Bd3e2 e6
8.d5 e5
9.a5 Qb6c7
10.O-O Bf8e7
11.b4 O-O
12.b5 cxd5
13.Nc3xd5 Nf6xd5
14.exd5 Nb8d7
15.c4 Bg4xf3
16.gxf3 f5
17.f4 Be7f6
18.Ra1a3 e4
19.f3 Nd7c5
20.Bc1e3 Ra8e8
21.fxe4 Re8xe4
22.Be3c1 Rf8e8
23.Be2h5 g6
24.Ra3g3 Bf6g7
25.Bh5f3 Re4xc4
26.Rf1e1 Nc5e4
{ resign }
0-1

[Event "Tourn. n9707"]
[Site "www.chess-mail.com"]
[Date "2018.03.30"]
[Round "1"]
[White "Tobernor"]
[Black "Sahlapalat"]
[WhiteElo "2250"]
[BlackElo "2120"]
[Result "1-0"]
[Round "1"]
1.e4 c5
2.Ng1f3 d6
3.c3 Ng8f6
4.Bf1e2 Nb8c6
5.d4 cxd4
6.cxd4 Nf6xe4
7.d5 Qd8a5
8.Nb1c3 Ne4xc3
9.bxc3 Nc6e5
10.Nf3xe5 Qa5xc3
11.Bc1d2 Qc3xe5
12.O-O Bc8d7
13.Bd2e3 e6
14.Be2f3 Qe5b2
15.dxe6 Bd7xe6
16.Ra1b1 Qb2xa2
17.Bf3xb7 Ra8d8
18.Bb7c6 Be6d7
19.Bc6d5 Qa2a3
20.Qd1h5 g6
21.Qh5f3 f5
22.Rf1e1 Bf8e7
23.Be3g5 Qa3xf3
24.Re1xe7 Kf8
25.Re7f7 { resign }
1-0

[Event "Tourn. n9683"]
[Site "www.chess-mail.com"]
[Date "2018.03.30"]
[Round "1"]
[White "Sahlapalat"]
[Black "Prize64"]
[WhiteElo "2090"]
[BlackElo "2120"]
[Result "1-0"]
[Round "1"]
1.d4 Ng8f6
2.c4 g6
3.Nb1c3 Bf8g7
4.e4 d6
5.Ng1f3 O-O
6.Bf1e2 Nb8a6
7.Bc1e3 e5
8.O-O Nf6g4
9.Be3g5 f6
10.Bg5h4 exd4
11.Nf3xd4 Ng4e5
12.f4 Ne5c6
13.Nd4xc6 bxc6
14.e5 dxe5
15.Qd1xd8 Rf8xd8
16.fxe5 g5
17.exf6 gxh4
18.fxg7 Bc8e6
19.Ra1e1 Kxg7
20.Rf1f4 Rd8d2
21.b3 h3
22.Be2f3 hxg2
23.Re1xe6 Na6c5
24.Re6xc6 { resign }
1-0

[Event "Tourn. n9683"]
[Site "www.chess-mail.com"]
[Date "2018.03.30"]
[Round "1"]
[White "Sahlapalat"]
[Black "Amaya"]
[WhiteElo "2090"]
[BlackElo "2130"]
[Result "1/2-1/2"]
[Round "1"]
1.d4 d5
2.c4 Ng8f6
3.cxd5 Nf6xd5
4.e4 Nd5f6
5.Nb1c3 g6
6.Ng1f3 Bf8g7
7.Bf1e2 O-O
8.O-O Bc8g4
9.Bc1e3 Nb8d7
10.e5 Nf6e8
11.Qd1d2 Nd7b6
12.h3 Bg4e6
13.b3 f6
14.Ra1d1 Nb6d5
15.Be2c4 c6
16.Rf1e1 Ne8c7
17.Nc3e4 fxe5
18.dxe5 Be6xh3
19.Ne4g5 Bh3g4
20.Qd2d4 Bg4e6
21.Ng5xe6 Nc7xe6
22.Qd4g4 Qd8c8
23.Rd1xd5 cxd5
24.Bc4xd5 Rf8f5
25.Be3d4 Kh8
26.Nf3h4 Rf5f4
27.Bd5xe6 Rf4xg4
28.Be6xc8 Ra8xc8
29.Nh4f3 b6
30.g3 e6
31.Bd4e3 h6
32.Kg2 Rg4e4
33.Re1h1 h5
34.Rh1d1 Rc8c2
35.a4 Re4xe3
36.Rd1d8 Kh7
37.Nf3g5 Kh6
38.Ng5f7 Kh7
39.Nf7g5 Kh6
40.Ng5f7 { draw }
1/2-1/2

[Event "Tourn. n9744"]
[Site "www.chess-mail.com"]
[Date "2018.03.30"]
[Round "1"]
[White "Bojan"]
[Black "Falcoale"]
[WhiteElo "1820"]
[BlackElo "1880"]
[Result "1-0"]
[Round "1"]
1.b4 Ng8f6
2.Bc1b2 e6
3.a3 d5
4.e3 c5
5.b5 b6
6.Ng1f3 Bc8b7
7.d4 c4
8.a4 Nb8d7
9.Qd1c1 Ra8c8
10.Nb1c3 Bf8b4
11.Bf1e2 Nf6e4
12.O-O O-O
13.Nc3xe4 dxe4
14.Nf3e1 Bb7d5
15.c3 Bb4d6
16.Bb2a3 Bd6xa3
17.Ra1xa3 f5
18.f3 Rc8c7
19.g3 Nd7f6
20.h3 Nf6h5
21.Kh2 Qd8d6
22.f4 Nh5f6
23.Ne1c2 Bd5b7
24.Nc2b4 Nf6d5
25.Nb4xd5 exd5
26.Ra3a2 a6
27.bxa6 Bb7xa6
28.Qc1b2 Rf8b8
29.g4 Ba6c8
30.Qb2b1 fxg4
31.hxg4 Qd6h6
32.Kg3 Bc8d7
33.Rf1h1 Qh6g6
34.a5 b5
35.Be2d1 Rc7c6
36.Ra2h2 h6
37.Rh2h5 Rc6d6
38.Rh5e5 Rb8a8
39.Qb1b4 Ra8a6
40.Rh1h5 Bd7e8
41.Re5xd5 Rd6xd5
42.Rh5xd5 Qg6h7
43.Rd5e5 Qh7g6
44.f5 Qg6f7
45.Re5xe4 Be8c6
46.Re4e6 Qf7c7
47.Kh3 Ra6xa5
48.Qb4c5 Ra5a6
49.Bd1f3 Qc7a5
50.Re6xc6 Ra6xc6
51.Bf3xc6 Qa5xc3
52.Qc5d5 Kh7
53.Qd5e4 Qc3e1
54.f6 Kg8
55.Bc6d5 Kf8
56.Qe4e7 { resign }
1-0

[Event "Tourn. n9663"]
[Site "www.chess-mail.com"]
[Date "2018.03.30"]
[Round "1"]
[White "Osopanda"]
[Black "Fabos12"]
[WhiteElo "1800"]
[BlackElo "2010"]
[Result "0-1"]
[Round "1"]
1.d4 e6
2.e4 d5
3.Nb1d2 Nb8c6
4.Ng1f3 Bf8b4
5.c3 Bb4a5
6.e5 Qd8e7
7.Bf1b5 Bc8d7
8.O-O a6
9.Bb5a4 b5
10.Ba4c2 O-O-O
11.Rf1e1 f6
12.a4 b4
13.cxb4 Nc6xb4
14.Bc2b1 Ng8h6
15.Nd2b3 Nb4c6
16.Nb3c5 Ba5xe1
17.Qd1xe1 Nc6xd4
18.Nf3xd4 Qe7xc5
19.Bc1e3 Qc5e7
20.exf6 Qe7xf6
21.Qe1a5 Kb7
22.Bb1d3 Rd8a8
23.Ra1c1 Rh8c8
24.Rc1c3 Ra8a7
25.Nd4f3 c5
26.Rc3b3 Ka8
27.Be3xc5 Qf6d8
28.Qa5xd8 Rc8xd8
29.Bc5xa7 Kxa7
30.Nf3d4 e5
31.Nd4c2 Bd7xa4
32.Rb3c3 Kb7
33.Bd3xh7 d4
34.Bh7e4 Kb8
35.Rc3c4 Ba4b5
36.Rc4c5 d3
37.Nc2e3 d2
38.Ne3d1 Nh6g4
39.h3 Ng4f6
40.f3 Nf6xe4
41.fxe4 Bb5e2
42.Nd1e3 Rd8d3
{ resign }
0-1

[Event "Tourn. n9758"]
[Site "www.chess-mail.com"]
[Date "2018.03.30"]
[Round "1"]
[White "Esperanza"]
[Black "Sefj"]
[WhiteElo "2040"]
[BlackElo "2120"]
[Result "1-0"]
[Round "1"]
1.d4 d6
2.Ng1f3 g6
3.h3 c5
4.dxc5 Qd8a5
5.Bc1d2 Qa5xc5
6.e3 Bf8g7
7.Nb1c3 a6
8.Bf1d3 b5
9.O-O  { time }
1-0

[Event "Tourn. n9754"]
[Site "www.chess-mail.com"]
[Date "2018.03.30"]
[Round "1"]
[White "Prize64"]
[Black "Fantomas"]
[WhiteElo "2150"]
[BlackElo "2260"]
[Result "1-0"]
[Round "1"]
1.Ng1f3 Nb8c6
2.c4 e5
3.d3 h6
4.Nb1c3 Ng8f6
5.g3 Bf8b4
6.Bf1g2 d6
7.O-O a6
8.Nc3d5 Nf6xd5
9.cxd5 Nc6e7
10.Qd1a4 b5
11.Qa4xb4 Ne7xd5
12.Qb4b3 Bc8e6
13.Nf3d4 exd4
14.Bg2xd5 Be6xd5
15.Qb3xd5 c5
16.Qd5c6 Ke7
17.e3 dxe3
18.fxe3 Rh8e8
19.Qc6b7 Qd8d7
20.Rf1xf7 { resign }
1-0

[Event "Match"]
[Site "www.echecsemail.com"]
[Date "2018.03.30"]
[Round "1"]
[White "Hundegana"]
[Black "Fegatux"]
[WhiteElo "2020"]
[BlackElo "1499"]
[Result "0-1"]
[Round "1"]
1.e4 d6
2.d4 Ng8f6
3.f3 c6
4.Bc1f4 e6
5.Nb1c3 Bf8e7
6.Bf1c4 Nb8d7
7.a4 Qd8a5
8.Ng1e2 O-O
9.O-O d5
10.Bc4b3 Kh8
11.Bb3a2 Nf6e8
12.e5 c5
13.Ra1b1 a6
14.Kh1 b5
15.axb5 axb5
16.Rb1a1 Qa5b6
17.Ba2b3 Ra8xa1
18.Qd1xa1 c4
19.Bb3a2 Bc8b7
20.Ba2b1 Ne8c7
21.b3 Rf8a8
22.Qa1b2 Be7a3
23.Qb2a1 Ba3c1
24.Bb1a2 Bc1xf4
25.g3 Bf4e3
26.bxc4 dxc4
27.Qa1b2 Be3xd4
28.Ne2xd4 Qb6xd4
29.Kg2 Nd7xe5
30.Nc3d1 Qd4xb2
31.Nd1xb2 Ra8xa2
32.Rf1b1 Ne5xf3
33.Kh3 f5
34.Nb2xc4 Ra2xc2
35.g4 fxg4
36.Kxg4 Rc2xc4
37.Kg3 g5
38.Rb1b2 h5
39.h3 h4
40.Kf2 b4
41.Ke2 Rc4c2
42.Rb2xc2 Nf3d4
43.Kd3 Nd4xc2
44.Kxc2 Bb7g2
45.Kb3 Nc7d5
46.Kc4 Bg2xh3
47.Kd4 Bh3f5
48.Kc4 h3
49.Kb3 h2
50.Kc4 h1Q
51.Kd4 Qh1e4
52.Kc5 b3
53.Kd6 b2
54.Kd7 b1Q
55.Kd6 Qb1b7
56.Kc5 Qe4b4
{ resign }
0-1

[Event "Match"]
[Site "www.echecsemail.com"]
[Date "2018.03.30"]
[Round "1"]
[White "Sefj"]
[Black "Whitekknight"]
[WhiteElo "2130"]
[BlackElo "1900"]
[Result "0-1"]
[Round "1"]
1.Ng1f3 Ng8f6
2.d4 d5
3.c4 e6
4.c5 Bf8e7
5.Nb1c3 c6
6.g3 Nb8d7
7.Bf1g2 O-O
8.Qd1c2 h6
9.e3 b6
10.cxb6 axb6
11.Bc1d2 Qd8c7
12.Bg2h3 Bc8a6
 { time }
0-1

[Event "Match"]
[Site "www.echecsemail.com"]
[Date "2018.03.30"]
[Round "1"]
[White "Gimmyg"]
[Black "Stevefillion"]
[WhiteElo "2540"]
[BlackElo "2420"]
[Result "1/2-1/2"]
[Round "1"]
1.Ng1f3 g6
2.c4 c5
3.Nb1c3 Bf8g7
4.g3 Nb8c6
5.Bf1g2 e6
6.O-O Ng8e7
7.Nc3e4 d6
8.d3 h6
9.Ra1b1 O-O
10.a3 f5
11.Ne4c3 e5
12.Bc1d2 Bc8e6
13.b4 Qd8d7
14.Qd1a4 Ra8d8
15.Rf1c1 b6
16.Nf3h4 Be6f7
17.b5 Nc6d4
18.e3 Nd4e6
19.Nc3d5 Ne7xd5
20.cxd5 Ne6c7
21.Qa4xa7 Nc7xd5
22.Qa7xd7 Rd8xd7
23.Nh4xg6 Rf8a8
24.Ng6h4 Ra8xa3
25.Nh4xf5 Ra3xd3
26.Bd2e1 Bf7e6
27.Bg2e4 Rd3a3
28.Rc1d1 Nd5f6
29.Nf5xg7 Kxg7
30.Be4c6 Rd7d8
31.Rb1a1 { draw }
1/2-1/2

[Event "Match"]
[Site "www.echecsemail.com"]
[Date "2018.03.30"]
[Round "1"]
[White "Fegatux"]
[Black "Billyg"]
[WhiteElo "1499"]
[BlackElo "1670"]
[Result "1-0"]
[Round "1"]
1.d4 d6
2.e4 a6
3.Bf1d3 Nb8c6
4.Ng1e2 e5
5.dxe5 dxe5
6.a3 Nc6d4
7.Nb1c3 Bc8g4
8.Bc1e3 Nd4xe2
9.Bd3xe2 Qd8xd1
10.Ra1xd1 Ng8f6
11.f3 Bg4h5
12.O-O Bf8d6
13.Nc3a4 O-O-O
14.c4 Nf6xe4
15.g4 Ne4f6
16.gxh5 Rh8e8
17.c5 Bd6e7
18.h6 Rd8xd1
19.Rf1xd1 e4
20.c6 b5
21.Be3a7 exf3
22.Be2xf3 gxh6
23.Na4c5 Re8g8
24.Kf1  { time }
1-0

[Event "Match"]
[Site "www.echecsemail.com"]
[Date "2018.03.30"]
[Round "1"]
[White "Fegatux"]
[Black "Fangshuo"]
[WhiteElo "1499"]
[BlackElo "2060"]
[Result "1-0"]
[Round "1"]
1.d4 d5
2.c4 c6
3.g3 Bc8g4
4.Bf1g2 e6
5.Ng1f3 Bf8b4
6.Bc1d2 Bg4xf3
7.Bg2xf3 Bb4a5
8.O-O dxc4
9.e3 Ng8f6
10.Nb1a3 b5
11.Na3xb5 a6
12.Nb5c3 Nf6d5
13.Qd1a4 O-O
14.Qa4xc4 Qd8c7
15.e4 Nd5b6
16.Qc4c5 Nb6d7
17.Qc5g5 Nd7f6
18.e5 Nf6d5
19.Qg5g4 Nb8d7
20.Bd2h6 g6
21.Nc3xd5 cxd5
22.Rf1c1 Qc7b6
23.Bh6xf8 Ra8xf8
24.Rc1c2 Nd7b8
25.Ra1c1 Qb6a7
26.Rc2c8 Ba5b6
27.Rc8xf8 Kxf8
28.Rc1c8 Kg7
29.Qg4g5 Nb8d7
30.Qg5c1 Qa7b7
31.b3 Bb6xd4
32.Rc8c7 Qb7b5
33.Qc1c2 Nd7xe5
34.Bf3e2 Qb5b6
35.Kf1 Bd4xf2
36.Be2xa6 Qb6xa6
37.Kxf2 Qa6b6
38.Kg2 Ne5c4
39.Rc7xf7 Kxf7
40.bxc4 dxc4
41.Qc2xc4 Qb6b2
42.Kh3 Qb2b1
43.Qc4f4 Qb1f5
44.Qf4xf5 gxf5
45.Kg2 e5
46.Kf3 Ke6
47.h4 e4
48.Ke3 Kd5
49.h5 { resign }
1-0

[Event "Match"]
[Site "www.echecsemail.com"]
[Date "2018.03.30"]
[Round "1"]
[White "Caroluigi"]
[Black "Apdash"]
[WhiteElo "2040"]
[BlackElo "2210"]
[Result "1/2-1/2"]
[Round "1"]
1.d4 Ng8f6
2.c4 d6
3.Nb1c3 e6
4.e4 Bf8e7
5.f3 c6
6.Bc1e3 e5
7.Bf1d3 O-O
8.Ng1e2 Nb8d7
9.O-O a6
10.d5 cxd5
11.cxd5 Nd7c5
12.Ra1c1 Nc5xd3
13.Qd1xd3 b5
14.a3 Nf6e8
15.Nc3a2 f5
16.Na2b4 fxe4
17.fxe4 Rf8xf1
18.Rc1xf1 Bc8d7
19.Nb4c6 Bd7xc6
20.dxc6 Ne8f6
21.Be3g5 Qd8b6
22.Kh1 Qb6xc6
23.Bg5xf6 Be7xf6
24.Ne2c3 Qc6c4
25.Qd3d5 Qc4xd5
26.Nc3xd5 Kf7
27.g4 h6
28.h4 Kg6
29.h5 Kg5
30.Rf1f5 Kh4
31.Nd5xf6 gxf6
32.Rf5xf6 Kxg4
33.Rf6xd6 Kf4
34.Rd6xh6 Kxe4
35.Kg2 Ke3
36.Rh6e6 e4
37.Kf1 Ra8f8
38.Ke1 Rf8f5
39.h6 Rf5h5
40.Kf1 a5
41.b4 axb4
42.axb4 Kd3
43.Kg2 e3
44.Kf3 Rh5h3
45.Kg2 Rh3h4
46.Kf3 Rh4h3
{ draw }
1/2-1/2

[Event "Match"]
[Site "www.echecsemail.com"]
[Date "2018.03.30"]
[Round "1"]
[White "Guidom"]
[Black "Ztornad"]
[WhiteElo "2130"]
[BlackElo "1670"]
[Result "1-0"]
[Round "1"]
1.e4 e5
2.Ng1f3 d6
3.Bf1c4 Bc8e6
4.Bc4xe6 fxe6
5.O-O Ng8f6
6.d3 Nb8c6
7.Nb1c3 Nc6d4
8.Bc1e3 Nd4xf3
9.Qd1xf3 Qd8e7
10.Be3g5 h6
11.Bg5h4 O-O-O
12.a4 c6
13.Qf3e3 b6
14.b4 g5
15.Bh4g3 Bf8g7
16.a5 b5
17.Nc3e2 Nf6g4
18.Qe3d2 Bg7f8
19.f3 Ng4f6
20.c4 a6
21.cxb5 cxb5
22.Ra1c1 Kb8
23.Rc1c6 Rd8d7
24.Rc6xa6 Rd7b7
25.Bg3f2 Bf8g7
26.Rf1c1 Rh8c8
27.Rc1xc8 Kxc8
28.Qd2c3 Kb8
29.Qc3c6 Qe7c7
30.Qc6xd6 Qc7xd6
31.Ra6xd6 Kc7
32.Rd6xe6 Nf6d7
33.Re6e7 Bg7f8
34.Re7h7 Rb7b8
35.Bf2e1 Kd6
36.d4 exd4
37.Ne2xd4 Rb8b7
38.Be1g3 Nd7e5
39.Rh7xb7 h5
40.Rb7b6 Ke7
41.Bg3xe5 g4
42.Rb6b7 Ke8
43.Rb7b8 Kf7
44.Rb8xb5 gxf3
45.Nd4xf3 Ke6
46.Rb5b6 Kd7
47.Nf3d4 h4
48.a6 Bf8h6
49.Rb6b7 Kc8
50.Rb7h7 Bh6e3
51.Kf1 Be3xd4
52.Be5xd4  { time }
1-0

[Event "1/128 Finale"]
[Site "www.chess-mail.com"]
[Date "2018.03.30"]
[Round "1"]
[White "Mitja"]
[Black "Saffron"]
[WhiteElo "1980"]
[BlackElo "1649"]
[Result "0-1"]
[Round "1"]
1.d4 Ng8f6
2.e3 g6
3.c3 Bf8g7
4.b3 O-O
5.Bc1b2 d6
6.Ng1f3 c5
7.dxc5 dxc5
8.Qd1c2 Nb8c6
9.Bf1e2 Bc8f5
10.Qc2c1 a6
11.O-O b5
12.Rf1d1 Qd8c7
13.Nb1a3 Ra8d8
14.Rd1xd8 Rf8xd8
15.Qc1e1 Nf6e4
16.Ra1d1 b4
17.Na3b1 Rd8xd1
18.Be2xd1 Ne4xf2
19.Qe1xf2 Bf5xb1
20.c4 Qc7d6
21.Bb2xg7 Qd6xd1
22.Qf2f1 Qd1xf1
23.Kxf1 Kxg7
{ resign }
0-1

[Event "Tourn. n9779"]
[Site "www.chess-mail.com"]
[Date "2018.03.31"]
[Round "1"]
[White "Caroluigi"]
[Black "Mitja"]
[WhiteElo "2080"]
[BlackElo "2010"]
[Result "1-0"]
[Round "1"]
1.e4 d5
2.exd5 Qd8xd5
3.Nb1c3 Qd5d8
4.Ng1f3 e6
5.d4 c6
6.Bf1e2 h6
7.O-O Ng8f6
8.Rf1e1 Bf8e7
9.Bc1e3 b6
10.h3 Bc8b7
11.Be2d3 Nb8d7
12.Qd1e2 Nf6d5
13.Nc3xd5 cxd5
14.c3 Nd7f6
15.Bd3b5 Nf6d7
16.Nf3e5 Bb7c8
17.Qe2g4 Be7f6
18.Ne5c6 Qd8c7
19.Be3f4 Qc7b7
20.Re1xe6 fxe6
21.Qg4xe6 { resign }
1-0

[Event "Tourn. n9705"]
[Site "www.chess-mail.com"]
[Date "2018.03.31"]
[Round "1"]
[White "Sociopath"]
[Black "Aperturaf"]
[WhiteElo "2209"]
[BlackElo "2670"]
[Result "1/2-1/2"]
[Round "1"]
1.e4 e6
2.d4 d5
3.e5 c5
4.c3 Nb8c6
5.Ng1f3 Qd8b6
6.a3 c4
7.Nb1d2 Nc6a5
8.Ra1b1 Bc8d7
9.Bf1e2 Ng8e7
10.b4 cxb3
11.Nd2xb3 Na5xb3
12.Nf3d2 Bd7a4
13.Nd2xb3 Ne7c6
14.Be2d3 Ra8c8
15.O-O Nc6a5
16.Bd3c2 Na5xb3
17.Bc1d2 Rc8c4
18.Bc2xb3 Ba4xb3
19.Rb1xb3 Qb6a6
20.f4 g6
21.g4 Rc4c7
22.Rb3b2 Qa6xa3
23.Rb2b1 b6
24.f5 Qa3a2
25.Rb1a1 Qa2c4
26.Qd1f3 Qc4c6
27.fxe6 fxe6
28.Bd2g5 Bf8g7
29.Qf3h3 h6
30.Bg5c1 g5
31.Qh3d3 Rh8f8
32.Bc1a3 Rf8xf1
33.Ra1xf1 Qc6xc3
34.Qd3g6 Kd8
35.Qg6xe6 Qc3xd4
36.Rf1f2 Bg7xe5
37.Ba3b2 Be5xh2
38.Kg2 Qd4e4
39.Qe6xe4 dxe4
40.Kxh2 b5
41.Kg3 Rc7d7
42.Rf2e2 a5
43.Re2xe4 Kc7
44.Kf3 Rd7f7
45.Ke2 { draw }
1/2-1/2

[Event "Tourn. n9761"]
[Site "www.chess-mail.com"]
[Date "2018.03.31"]
[Round "1"]
[White "Ermejo69"]
[Black "Fegatux"]
[WhiteElo "1689"]
[BlackElo "2330"]
[Result "1-0"]
[Round "1"]
1.d4 Ng8f6
2.Bc1f4 d6
3.Ng1f3 c6
4.e3 e6
5.Bf1d3 Qd8b6
6.Nb1d2 Qb6xb2
7.Ra1b1 Qb2c3
8.O-O Qc3a5
9.e4 Nf6h5
10.Bf4e3 Nh5f6
11.Nd2c4 Qa5c7
12.e5 dxe5
13.dxe5 Nf6d5
14.Be3d4 c5
15.Nc4d6 Bf8xd6
16.exd6 Qc7xd6
17.Bd4xg7 Rh8g8
18.Bg7e5 Qd6e7
19.Bd3xh7 Rg8g4
20.Rf1e1 Nb8c6
21.Be5a1 Nd5f4
22.g3 Nf4h3
23.Kf1 b6
24.Bh7e4 Bc8a6
25.Kg2 Nh3f4
26.Kh1 Ba6b7
27.gxf4 Ra8d8
28.Qd1c1 Nc6d4
29.Nf3xd4 cxd4
30.f3 Rg4h4
31.Qc1d2 Qe7c7
32.Be4xb7 Qc7xb7
33.Re1e4 Qb7d5
34.Ba1xd4 Qd5h5
35.Qd2e2 Ke7
36.Rb1e1 Rd8d6
37.Bd4e5 Rd6c6
38.f5 Rh4h3
39.f6 Kf8
40.Re1d1 Rc6c8
41.Re4d4 Rc8e8
42.Qe2g2 { resign }
1-0

[Event "Tourn. n9763"]
[Site "www.chess-mail.com"]
[Date "2018.03.31"]
[Round "1"]
[White "Louis"]
[Black "Falcoale"]
[WhiteElo "1990"]
[BlackElo "1850"]
[Result "1/2-1/2"]
[Round "1"]
1.d4 Ng8f6
2.c4 b6
3.Nb1c3 Bc8b7
4.Qd1c2 e6
5.e4 Bf8b4
6.Bf1d3 O-O
7.Ng1e2 h6
8.O-O Nb8c6
9.e5 Nf6e8
10.a3 Bb4e7
11.f4 d5
12.cxd5 exd5
13.b4 Nc6b8
14.Ne2g3 Nb8c6
15.Bc1e3 Nc6b8
16.Ng3f5 Bb7a6
17.b5 Ba6b7
18.Qc2d1 Nb8d7
19.Qd1h5 c5
20.Rf1f3 cxd4
21.Nf5xh6 gxh6
22.Qh5f5 Nd7f6
23.exf6 Ne8xf6
24.Rf3g3 { draw }
1/2-1/2

[Event "Tourn. n9747"]
[Site "www.chess-mail.com"]
[Date "2018.03.31"]
[Round "1"]
[White "Libiesse"]
[Black "Falcoale"]
[WhiteElo "1810"]
[BlackElo "1860"]
[Result "1/2-1/2"]
[Round "1"]
1.d4 Ng8f6
2.c4 b6
3.Ng1f3 Bc8b7
4.Nb1c3 e6
5.Bc1g5 h6
6.Bg5h4 Bf8e7
7.e3 O-O
8.Bf1e2 d5
9.cxd5 exd5
10.O-O Rf8e8
11.h3 Nb8d7
12.Ra1c1 a6
13.a3 c5
14.Bh4g3 c4
15.Qd1c2 Ra8c8
16.Rf1d1 Nd7f8
17.Nf3e5 Nf6d7
18.Ne5g4 Nf8g6
19.Be2f3 Nd7f6
20.Ng4xf6 { draw }
1/2-1/2

[Event "Tourn. n9775"]
[Site "www.chess-mail.com"]
[Date "2018.03.31"]
[Round "1"]
[White "Fantomas"]
[Black "Coolant"]
[WhiteElo "2240"]
[BlackElo "2270"]
[Result "0-1"]
[Round "1"]
1.e4 d5
2.exd5 Qd8xd5
3.Nb1c3 Qd5a5
4.b3 Ng8f6
5.Ng1f3 Bc8g4
6.Bf1e2 Nb8d7
7.O-O O-O-O
8.Bc1b2 e6
9.h3 h5
10.Nf3h2 Bf8d6
11.Nh2xg4 hxg4
12.Be2xg4 Nf6xg4
13.Qd1xg4 Nd7e5
14.Qg4a4 Ne5f3
15.Kh1 Qa5e5
16.g3 Rh8xh3
{ resign }
0-1

[Event "Match"]
[Site "www.echecsemail.com"]
[Date "2018.03.31"]
[Round "1"]
[White "Bjonil60"]
[Black "Reda"]
[WhiteElo "1490"]
[BlackElo "1499"]
[Result "0-1"]
[Round "1"]
1.d4 d5
2.e3 Nb8c6
3.Qd1e2 Bc8f5
4.a3 e6
5.c3 Ng8f6
6.h3 Bf8d6
7.g4 Bf5e4
8.f3 Be4g6
9.b3 O-O
10.b4 e5
11.dxe5 Bd6xe5
12.f4 Be5d6
13.Bf1g2 Rf8e8
14.Nb1d2 Nf6e4
15.Nd2xe4 dxe4
16.Qe2c4 h6
17.h4 Kh8
18.h5 Bg6h7
19.Qc4xf7 Bh7g8
20.Qf7f5 Bg8e6
21.Qf5xe4 Be6xg4
22.Bg2f1 Re8xe4
23.Kd2 Bd6xf4
24.Kc2 Bf4xe3
25.Bc1xe3 Re4xe3
26.Kb3 Nc6d4
27.Ka4 Re3xc3
28.Ra1a2 Bg4d7
29.Ka5 Nd4b3

0-1

[Event "Match"]
[Site "www.echecsemail.com"]
[Date "2018.03.31"]
[Round "1"]
[White "Ssharp"]
[Black "Bojan"]
[WhiteElo "2280"]
[BlackElo "1860"]
[Result "1-0"]
[Round "1"]
1.e4 e5
2.f4 exf4
3.Bf1c4 g6
4.Ng1f3 f6
5.d4 Nb8c6
6.Bc1xf4 Nc6a5
7.Bc4xg8 Rh8xg8
8.O-O g5
9.Nf3xg5 fxg5
10.Qd1h5 Rg8g6
11.Qh5xh7 Rg6h6
12.Bf4xc7 Rh6xh7
13.Bc7xd8 Na5c4
14.Bd8xg5 Nc4xb2
15.Nb1d2 d6
16.a4 Bc8d7
17.Ra1b1 Nb2xa4
18.Rb1xb7 Rh7h5
19.h4 Bf8e7
20.Bg5xe7 Kxe7
21.g3 Na4c3
22.d5 a5
23.Rb7c7 Nc3b5
24.Rc7b7 Ra8g8
25.Kf2 Kd8
26.Rb7b8 Bd7c8
27.Rb8xb5 Rh5h7
28.Rb5xa5 Rh7c7
29.c4 Rg8g7
30.Ra5a3 Bc8h3
31.Rf1g1 Ke7
32.Ra3f3 Rc7a7
33.Rf3f4 Ra7a2
34.Ke3 Bh3g4
35.Kd3 Ra2a3
36.Kc2 Bg4e2
37.g4 Ra3h3
38.g5 Rh3h2
39.Rg1a1 Rg7g6
40.Ra1a7 Ke8
41.Rf4f7 Be2g4
42.Rf7h7 { resign }
1-0

[Event "Match"]
[Site "www.echecsemail.com"]
[Date "2018.03.31"]
[Round "1"]
[White "Billyg"]
[Black "Reda"]
[WhiteElo "1700"]
[BlackElo "1499"]
[Result "0-1"]
[Round "1"]
1.e4 e5
2.Ng1f3 Nb8c6
3.Bf1c4 f6
4.d4 exd4
5.Nf3xd4 Bf8c5
6.Nd4xc6 dxc6
7.Qd1xd8 Kxd8
8.O-O Bc8d7
9.Rf1d1 Ng8e7
10.Bc4e6 Bc5d6
11.Be6xd7 Kxd7
12.Nb1c3 Ra8e8
13.Bc1f4 Ne7g6
14.Bf4xd6 cxd6
15.g3 b5
16.f3 Rh8f8
17.Rd1d3 Ng6e5
18.Rd3e3 Ne5c4
19.Re3d3 Nc4xb2
 { time }
0-1

[Event "Match"]
[Site "www.echecsemail.com"]
[Date "2018.03.31"]
[Round "1"]
[White "Llord"]
[Black "Ztornad"]
[WhiteElo "1950"]
[BlackElo "1760"]
[Result "1-0"]
[Round "1"]
1.e4 e5
2.Ng1f3 d6
3.Bf1c4 Bc8e6
4.Nb1a3 a6
5.O-O b5
6.Bc4xe6 fxe6
7.d4 Nb8c6
{ time. }
1-0

[Event "Match"]
[Site "www.echecsemail.com"]
[Date "2018.03.31"]
[Round "1"]
[White "Apdash"]
[Black "Witpar"]
[WhiteElo "2170"]
[BlackElo "2770"]
[Result "0-1"]
[Round "1"]
1.e4 c5
2.Ng1f3 e6
3.d4 cxd4
4.Nf3xd4 a6
5.Bf1e2 Ng8f6
6.f3 Bf8c5
7.c3 O-O
8.Nb1d2 e5
9.Nd4f5 d5
10.Nd2b3 Bc5b6
11.Qd1c2 dxe4
12.fxe4 Bc8xf5
13.exf5 Qd8d5
14.Be2f3 e4
15.Bf3e2 Nb8c6
16.Rh1f1 Nc6e5
17.Bc1g5 Ne5d3
18.Be2xd3 exd3
19.Qc2d1 Qd5xg2
20.Qd1d2 Ra8e8
{ resign }
0-1